000 00523nam a2200193 u 4500
005 20210223131304.0
008 100520s2008 ve r 000 0 spa d
020 _a9789802758869
035 _aUPN01000175983
049 _aCG
050 4 _aPQ8550.29 O2.6
_bV3.3
100 1 _aSocorro, Milagros,
_d1960-
245 1 0 _aVacas en las nubes /
_cMilagros Socorro.
260 _aCaracas :
_bAlfaguara,
_c2008.
300 _a70 p.
440 0 _aAlfaguara infantil
650 4 _aLITERATURA VENEZOLANA
_914541
905 _aLibro
999 _c148086
_d148086